000 nam a22 7a 4500
999 _c9771
_d9771
008 180208b ||||| |||| 00| 0 eng d
100 _aLevine,JR.etal.
_95869
245 _aUnix for Dummies
260 _aNew Delhi
_bPustak Mahal
_c1993